Most Expensive Movies Ever Made - Statistics

General Stats
  • This quiz has been taken 37 times
  • The average score is 8 of 24
Answer Stats
# Year Actor/Director Box Office Budget Movie % Correct
=3 1997 Kate Winslet $3.15 B $298 M Titanic
89%
11 2009 James Cameron $3.2 B $265 M Avatar
71%
6 2015 Robert Downey Jr. $1.5 B $283 M Avengers: Age of Ultron
54%
=3 2007 Tobey Maguire $1 B $298 M Spider-Man 3
49%
=20 2015 Daniel Craig $896 M $248 M Spectre
43%
10 2006 Keira Knightley $1.3 B $267 M Pirates of the Caribbean: Dead Man’s Chest
40%
7 2009 Daniel Radcliffe $1 B $279 M Harry Potter and the Half-Blood Prince
37%
2 2007 Orlando Bloom $1.15 B $347 M Pirates of the Caribbean: At World’s End
34%
=12 2004 Sam Raimi $1 B $254 M Spider-Man 2
34%
9 1995 Kevin Costner $423 M $270 M Waterworld
34%
=15 2016 Chris Evans $1.2 B $250 M Captain America: Civil War
31%
1 2011 Johnny Depp $1.14 B $403 M Pirates of the Caribbean: On Stranger Tides
31%
19 2006 Hugh Jackman $561 M $249 M X-Men: The Last Stand
31%
=20 2015 Daisy Ridley $2.1 B $248 M Star Wars: The Force Awakens
29%
=15 2017 Vin Diesel $1.2 B $250 M The Fate of the Furious
29%
=12 2005 Jack Black $689 M $254 M King Kong
26%
14 2014 Peter Jackson $998 M $253 M The Hobbit: The Battle of the Five Armies
23%
=15 2016 Zack Snyder $873 M $250 M Batman v Superman: Dawn of Justice
20%
23 1963 Elizabeth Taylor $460 M $243 M Cleopatra
14%
8 2012 Taylor Kitsch $305 M $275 M John Carter
14%
24 2006 Bryan Singer $477 M $242 M Superman Returns
9%
22 1999 Will Smith $325 M $244 M Wild Wild West
9%
5 2010 Mandy Moore $670 M $296 M Tangled
3%
=15 2008 Andrew Adamson $480 M $250M The Chronicles of Narnia: Prince Caspian
3%
No matching quizzes found
Score Distribution
Percent of People with Each Score
Percentile by Number Answered
Your Score History
You have not taken this quiz